| 000 | 00445cam a2200181ua 4500 | ||
|---|---|---|---|
| 020 | _c10 anna | ||
| 041 |
_amal _h |
||
| 082 |
_a894.8122 _bGOP/RA |
||
| 100 | _aGopalan, E V . | ||
| 245 |
_aRandu Nritha natakangal / _cE V Gopalan. _hTextual Documents |
||
| 250 |
_a1 / _b. |
||
| 260 |
_aKodungallur : _bKerala Book House , _c1957. |
||
| 300 | _a45 ; . | ||
| 365 | _a10 anna | ||
| 504 | _a | ||
| 942 | _cBK | ||
| 999 |
_c12772 _d12772 |
||